Catálogo
 En Linea

Turisticología : (Registro nro. 13006)

Detalles MARC
000 -CABECERA
campo de control de longitud fija 00666cam a2200193 a 4500
001 - NÚMERO DE CONTROL
campo de control 000013380
005 - FECHA Y HORA DE LA ÚLTIMA TRANSACCIÓN
campo de control 20241007115234.0
008 - DATOS DE LONGITUD FIJA--INFORMACIÓN GENERAL
campo de control de longitud fija 770208s1977 pr a b 001 0 spa
020 ## - NÚMERO INTERNACIONAL ESTÁNDAR DEL LIBRO
Número Internacional Estándar del Libro 0847724425
040 ## - FUENTE DE LA CATALOGACIÓN
Centro catalogador/agencia de origen DO-SdBNP
Lengua de catalogación spa
Centro/agencia transcriptor LC
Centro/agencia modificador BNPHU
082 ## - NÚMERO DE LA CLASIFICACIÓN DECIMAL DEWEY
Número de clasificación 338.4791
Número de documento/Ítem S231t
049 ## - FONDOS LOCALES (OCLC)
Fondos de biblioteca BNGR
100 1# - ENTRADA PRINCIPAL--NOMBRE DE PERSONA
Nombre de persona Santa Pinter, J. J.
Forma completa/desarrollada del nombre (Jose Julio),
Fechas asociadas al nombre 1921-
9 (RLIN) 30615
245 10 - MENCIÓN DE TÍTULO
Título Turisticología :
Resto del título turismo-fenómeno social : turística-ciencia social /
Mención de responsabilidad, etc. J. J. Santa-Pinter.
260 ## - PUBLICACIÓN, DISTRIBUCIÓN, ETC.
Lugar de publicación, distribución, etc. San Juan, Puerto Rico :
Nombre del editor, distribuidor, etc. Universitaria, Universidad de Puerto Rico,
Fecha de publicación, distribución, etc. 1977.
300 ## - DESCRIPCIÓN FÍSICA
Extensión xx, 141 p. :
Otras características físicas il. ;
Dimensiones 21 cm.
650 #0 - PUNTO DE ACCESO ADICIONAL DE MATERIA--TÉRMINO DE MATERIA
Término de materia o nombre geográfico como elemento de entrada Turismo
9 (RLIN) 2632
910 ## - DATOS DE OPCIÓN DEL USUARIO (OCLC)
Datos de opción del usuario Catalogación por copia / LC
Existencias
Estado de retiro Estado de pérdida Restricciones de uso No para préstamo Código de colección Localización permanente Ubicación/localización actual Ubicación en estantería Fecha de adquisición Número de inventario Total de préstamos Signatura topográfica completa Código de barras Fecha visto por última vez Precio válido a partir de Tipo de ítem Koha Número de copia
    Préstamo interno   Monografías: Libros y Folletos General General En catalogación 23.11.2009 LF1   338.4791 S231t 13380-10 25.06.2020 25.06.2020 Préstamo interno  
    Préstamo restringido Préstamo restrigido Monografías: Libros y Folletos General General En catalogación 30.11.2009 LF1   338.4791 S231t 13380-20 25.06.2020 25.06.2020 Préstamo interno e.2

Con tecnología Koha